• 首页
  • 本馆介绍
  • 公告通知
  • 最新文献
  • 馆藏检索
  • 电子资源
  • 读者导购
  • 参考咨询
  • 我的图书馆
  • 登录
  • 详细信息显示
  • 放入我的书架
  • 预约/预借图书
  • 作者相关作品
  • 分类相关作品
  • 丛书相关作品
  • 出版社相关作品

书目信息

  • 表格格式
  • 工作单格式
  • 卡片格式
题名:
信息科学与社会
    
 
作者: 林学俊 主编 ;张相轮 , 李湘德 , 孙太红 编写
分册:  
出版信息: 北京   国防工业出版社  2005
页数: 10,249页
开本: 21cm
丛书名:
单 册:
中图分类: G201
科图分类:
主题词: 信息社会--教材 , 信息社会
电子资源:
ISBN: 7-118-04055-X
000 00931nam0 2200277 450
001 002974825
005 20061105082456.14
010    @a7-118-04055-X@dCNY12.00
100    @a20050815d2005 em y0chiy0110 ea
101 0  @achi
102    @aCN@b110000
105    @ay z 000yy
200 1  @a信息科学与社会@9xin xi ke xue yu she hui@f林学俊主编@g张相轮,李湘德,孙太红编写
210    @a北京@c国防工业出版社@d2005
215    @a10,249页@d21cm
300    @a素质教育系列教程
330    @a本书内容包括信息科学到信息社会、经济信息化、社会信息化、军事信息化、现代信息安全观、中国信息化战略、信息化冲击的哲学思考等。
606 0  @a信息社会@j教材
606 0  @a信息社会
690    @aG201@v4
701  0 @a林学俊@9lin xue jun@f(1963~)@4主编
702  0 @a张相轮@9zhang xiang lun@f(1944~)@4编写
702  0 @a李湘德@9li xiang de@4编写
702  0 @a孙太红@9sun tai hong@4编写
801  0 @aCN@bNLC@c20061105
905    @a10447@dG201@e184
    
    信息科学与社会/林学俊主编/张相轮,李湘德,孙太红编写.-北京:国防工业出版社,2005
    10,249页;21cm
    素质教育系列教程
    
    ISBN 7-118-04055-X:CNY12.00
    本书内容包括信息科学到信息社会、经济信息化、社会信息化、军事信息化、现代信息安全观、中国信息化战略、信息化冲击的哲学思考等。
●
相关链接 在E读中查询图书 在五车中查询图书 在当当中查询图书 在豆瓣中查询图书


正题名:信息科学与社会     索取号:G201/184         预约/预借

序号 登录号 条形码 馆藏地/架位号 状态 备注
1 0380174   203801742   第一样本阅览室/ [索取号:G201/184] 在馆    
2 0380175   203801751   第四借阅区/ [索取号:G201/184] 在馆    
3 0380176   203801760   第四借阅区/ [索取号:G201/184] 在馆    
4 0380177   203801779   第四借阅区/ [索取号:G201/184] 在馆    
唐山师范学院图书馆 欢迎您!
大连网信软件有限公司© 版权所有